Normal view
MARC view
- HIV/AIDS
Entry Topical Term
001 - CONTROL NUMBER
- control field: 19953
003 - CONTROL NUMBER IDENTIFIER
- control field: OSt
005 - DATE AND TIME OF LATEST TRANSACTION
- control field: 20240316124347.0
008 - FIXED-LENGTH DATA ELEMENTS
- fixed length control field: 240316|| aca||aabn | a|a d
040 ## - CATALOGING SOURCE
- Original cataloging agency: OSt
- Transcribing agency: OSt
150 ## - HEADING--TOPICAL TERM
- Topical term or geographic name as entry element: HIV/AIDS
- General subdivision: care and prevention
- Geographic subdivision: East Africa
670 ## - SOURCE DATA FOUND
- Source citation: Work cat.: (OSt): Ancient remedies, new disease : , 2002